FRC NE Teams 2025 - Statistics

General Stats
  • This quiz has been taken 20 times
  • The average score is 68 of 192
Answer Stats
Team Name Answer Team Location % Correct
NUTRONs 125 Revere, MA
100%
TJ² 88 Bridgewater, MA
100%
HYPER 69 Quincy, MA
92%
The Riot Crew 58 South Portland, ME
83%
AIR Strike 78 Newport, RI
83%
Grasshoppers 95 White River Junction, VT
83%
B.E.R.T. 133 Standish, ME
75%
Buzz Robotics 175 Enfield, CT
75%
Aces High 176 Windsor Locks, CT
75%
Gompei and the HERD 190 Worcester, MA
75%
CyberKnights 195 Southington, CT
75%
GUS 228 Meriden, CT
75%
The TorMentors 666 Hell, CT
75%
CHAOS 131 Manchester, NH
67%
Entropy 138 Amherst, NH
67%
The TechnoNuts 155 Berlin, CT
67%
Northern Force 172 Falmouth/Gorham, ME
67%
RAGE Robotics ⚙️ 173 Tolland, CT
67%
Gaelhawks 230 Shelton, CT
67%
S.C.R.A.P. 10063 Weymouth, MA
58%
Team MAX 1071 Wolcott, CT
58%
Timberwolves 1153 Walpole, MA
58%
Gael Force 126 Clinton, MA
58%
Chop Shop 166 Merrimack, NH
58%
STEAMpunk Tigers 1761 Lynn, MA
58%
Nashoba Robotics 1768 Bolton, MA
58%
Bobcat Robotics 177 South Windsor, CT
58%
The 2nd Law Enforcers 178 Farmington, CT
58%
Birds Of Prey 181 Hartford, CT
58%
The Dragons 1991 Hartford, CT
58%
Apple Pi 2067 Guilford, CT
58%
Techno-Ticks 236 Old Lyme, CT
58%
Black Magic Robotics 237 Watertown, CT
58%
Crusaders 238 Manchester, NH
58%
The KwarQs 2423 Watertown, MA
58%
Sim-City 3464 Simsbury, CT
58%
BVT Robotics 61 Upton, MA
58%
The Blue Devils 6324 Salem, NH
58%
Mechanical Advantage 6328 Littleton, MA
58%
Bionic Beef 97 Cambridge, MA
58%
Regal Seagulls 10254 Falmouth, MA
50%
PVC Pirates 1058 Londonderry, NH
50%
Inverse Polarity 1100 Northborough/Southborough, MA
50%
Pup Cups 1119 Walpole, MA
50%
Tough Techs 151 Nashua, NH
50%
AZTECHS 157 Marlborough, MA
50%
Green Reapers 1735 Worcester, MA
50%
Lobstah Bots 246 Boston, MA
50%
Windham Windup 3467 Windham, NH
50%
Pelham πthons Team 4034 4034 Pelham, NH
50%
Bionics 4909 Billerica, MA
50%
The Highlanders 6201 Somerville, MA
50%
The Bucks' Wrath 6329 Bucksport, ME
50%
Rosie Robotics 839 Feeding Hills, MA
50%
The Force Team 1073 Hollis, NH
42%
DiscoTechs 1099 Brookfield, CT
42%
The Robotomies 1277 Groton, MA
42%
Robocats 1699 Colchester, CT
42%
Team Inconcievable! 1729 Peterborough, NH
42%
Wolverines 1757 Westwood, MA
42%
Oz-Ram 1922 Contoocook, NH
42%
The Panther Project 2064 Southbury/Middlebury, CT
42%
4H ALARM Robotics 2079 Franklin, MA
42%
Ligerbots 2877 Newton, MA
42%
Operation PEACCE Robotics 3461 Bristol, CT
42%
Norwell Robotics 348 Norwell, MA
42%
Redshift 4048 Westborough, MA
42%
Hammerheads 5000 Hingham, MA
42%
The PowerKnights 501 Manchester/Goffstown, NH
42%
Red Storm 509 Bedford, NH
42%
Elm City Robo Squad 558 New Haven, CT
42%
The Outliers 5687 Portland, ME
42%
Power Sharks 663 Whitinsville, MA
42%
Boston Lions 8013 Boston, NH
42%
Wild Cards 811 Nashua, NH
42%
CyberHuskies 9056 9056 Kents Hill, ME
42%
MechaRAMS 999 Cheshire, CT
42%
The Rambots 1350 Providence, RI
33%
Tidal Force 1721 Concord, NH
33%
Robots by the C 2084 Manchester-by-the-Sea, MA
33%
Robo-Panthers 2262 Holliston, MA
33%
Team Phoenix 2342 Nashua, NH
33%
IBOTS 2370 Rutland, VT
33%
Infinite Loop 2648 Oakland, ME
33%
Red Hawk Robotics 2713 Melrose, MA
33%
DevilBotz 2876 Burlington, MA
33%
Athena's Warriors 3182 Hartford, CT
33%
Big Bad Bob 319 Alton, NH
33%
Gone Fishin' 3566 Southborough, MA
33%
Schrodinger's Cat 3958 Boston, MA
33%
Iron Tigers 4041 Gardiner, ME
33%
Two Many Bobcats 429 South Windsor, CT
33%
Swampscott Currents 4311 Swampscott, MA
33%
Center of Mass 467 Shrewsbury, MA
33%
Andromeda One 4905 Ayer, MA
33%
The Gongoliers 5112 Foster and Glocester, RI
33%
Ipswich TIGERS 5459 Ipswich, MA
33%
Bizarbots Robotics 5494 Holbrook, MA
33%
LongMetal Robotics 7127 Longmeadow, MA
33%
Who'sCTEKS 716 Falls Village, CT
33%
Wired Boars 7407 Wallingford, CT
33%
MOJO 8085 Milford, CT
33%
Cyber Sailors 8626 Scituate, MA
33%
Green Mountain Robotics 9101 Burlington, VT
33%
Aluminum Panthers 9443 West Newbury, MA
33%
CephaloSquad 10066 North Clarendon, VT
25%
WAMS 10245 Waterbury, CT
25%
Mechatronic Maniacs 1027 West Springfield, MA
25%
Blood, Sweat, and Gears 1247 North Sutton, NH
25%
Robosaints 1307 Dover, NH
25%
Titans 1474 Tewksbury, MA
25%
The Big Red 1512 Concord, NH
25%
Cyber Colonels 1740 Ledyard, CT
25%
Aluminum Falcons 2168 Groton, CT
25%
Galvanized Guardians 2170 Glastonbury, CT
25%
Tech Storm 2523 Saint Johnsbury, VT
25%
Power Surge 4-H Robotics 2712 Watertown, CT
25%
Patriots 3205 Concord, MA
25%
Potential Energy 3323 Litchfield, NH
25%
Robo-Rangers 3597 Kittery, ME
25%
The Robomingos 3623 Leominster, MA
25%
Spark City 3634 Bridgeport, CT
25%
Iron Tigers 4176 North Easton, MA
25%
RoboDominators 5142 New Haven, CT
25%
Paragon Robotics 571 Windsor, CT
25%
Morpheus 5813 Concord, NH
25%
perSEVERE 5962 Lowell, MA
25%
Record Robotics 6731 Belmont, MA
25%
Argonauts 8023 Lewiston, ME
25%
LakerBots 8046 Meredith, NH
25%
Team Ultraviolet 8567 Wellesley Hills, MA
25%
Ov3R1y K0Mp13X 8708 Dunbarton, NH
25%
Mayhem 8724 Bedford, NH
25%
Project W 8889 Waterbury, CT
25%
NEIA Robotics 9644 Marlborough, MA
25%
Knights 9729 West Roxbury, MA
25%
Manhattan Monsters 10133 Waterbury, CT
17%
GRANBY GRUNTS 3146 Granby, CT
17%
TechTigers 3654 Middletown, CT
17%
STEM Whalers 3719 New London, CT
17%
Delta Prime Robotics 4-H 4473 Richmond, ME
17%
Shockwave 4546 Dover, NH
17%
Orange Chaos 4564 Brewer, ME
17%
Barlow Robotics 4572 Redding, CT
17%
The Robockets 4761 Reading, MA
17%
The Resistance 4925 Wolfeboro, NH
17%
MegaRams 4987 Worcester, MA
17%
Stormgears 5422 Westford, MA
17%
Control Freaks 5735 Wayland, MA
17%
Bullbots 5856 Waterbury, CT
17%
Blue Crew 6153 Farmington, ME
17%
Equilibrium 6161 Gray, ME
17%
Scavenger Robotics 6333 Putnam, CT
17%
Cybears Robotics Team 6346 Norwalk, CT
17%
The ElectroLights 6367 Dorchester Center, MA
17%
MV roboPride 6690 Penacook, NH
17%
Torque 6691 Wolfeboro, NH
17%
Mechanical Madness 4-H 6895 Walpole, NH
17%
Archytas 6933 Bethel, VT
17%
Aetos Dios (Eagles of Zeus) 7153 Manchester, CT
17%
Tornadoes 7314 Franklin, NH
17%
RaiderBots 7674 Rochester, NH
17%
THE IRON LIONS 7694 West Hartford, CT
17%
Griffin Innovations 7760 Pomfret, CT
17%
The Fun Gang 7869 New Haven, CT
17%
Spartan Robotics 7907 Whitefield, NH
17%
"Bear"ly Functioning 7913 Bristol, NH
17%
Oyster River Overdrive 8410 Durham, NH
17%
CRUSADERS 8421 Littleton, NH
17%
Reinforcement 8544 Sutton, MA
17%
Alpha Centauri 8604 Lexington, MA
17%
Pathfinder Tech 8709 Palmer, MA
17%
Knights of Katahdin (Ka TAH din) 9055 Wilton, ME
17%
Bad Weather 9096 Stowe, VT
17%
Short-Circuited Eagles 9193 Waterbury, CT
17%
Discovery Polybotz 9710 Springfield, MA
17%
The Rainbow Junkyard 9732 South Portland, ME
17%
Hazard5 10108 Enosburg Falls, VT
8%
VikingBot 10138 Lyndon Center, VT
8%
Hopkins Galvanized Goats 10266 New Haven, CT
8%
Foxborough High School 10393 Foxboro, MA
8%
Stamford Cyber-Hird TSA 10592 Stamford, CT
8%
Warrior Robotics 4169 Sudbury, MA
8%
Sintian Robotics 4628 West Haven, CT
8%
Phalanx 5563 Lynn, MA
8%
Human Error 5746 Deep River, CT
8%
The Wire Clippers 5902 Portsmouth, NH
8%
Voltage Vikings 6620 North Smithfield, RI
8%
Marshy Machines, Sponsored by NASA 10156 Marshfield, MA
0%
YAMS TECH 10647 Bangor, ME
0%
Gryphons 5347 Weston, MA
0%
Hard Reset 5491 Winchendon, MA
0%
No matching quizzes found
Score Distribution
Percent of People with Each Score
Percentile by Number Answered
Your Score History
You have not taken this quiz